Law of torts

Bibliographic Details
Main Author: Green, DDavid
Format: Book
Published: London : Marshall Cavendish , 1993
Series:The carendish Q & A series
Subjects:

MARC

LEADER 00000cam a2200000 7i4500
001 0000004076
002 000004388
005 20000330.0
020 |a 1874241260 
090 0 0 |a 344.2063   |b GRE 
100 1 |a Green, DDavid   |f Dr 
245 1 0 |a Law of torts   |c Dr.David Green 
260 |a London :   |b Marshall Cavendish ,   |c 1993 
300 |a 231p. ;   |c 20cm. 
490 0 |a The carendish Q & A series 
650 0 0 |a Forts(Law) 
999 |a 033403   |b BUKU   |c PINJAMAN   |e PERPUSTAKAAN KOMUNITI PETALING JAYA